000 00889nam a2200229Ia 4500
008 130821s2000 xxua gr eng
020 _a070202242X
040 _aCo-BoUCM
_bspa
041 0 0 _aeng
060 _aWX 218
_25
100 1 _aHumphreys, Hilary
245 1 0 _aIntensive care infections a practical guide to diagnosis and management in adult patients.
_cHilary Humphreys, Sheila Willatts, Jean Louis Vicent
260 _aFiladelfia (Pensilvania, Estados Unidos)
_bW.B. Saunders
_c2000
300 _axiii, 219 páginas
_bilustraciones, cuadros, tablas
504 _aIncluye bibliográfia e índice.
650 0 4 _aCuidados intensivos (Medicina)
650 0 4 _aInfección
_vDiagnostico
_9240
650 0 4 _aUnidades de cuidados intensivos
_xInfección
_925967
700 _aVicent, Jean Louis.
700 _aWillatts, Sheila.
942 _cLIBRO
_a15
_e1
_mH874I
_2NLM
_hWX 218
999 _c43946
_d43946